00857nam a2200193 a 450000100100000000500170001000800410002704000250006808200180009310000350011124501320014626000570027830000090033549000650034450000450040950400740045465000700052883000650059800001155520200929162506.0091020s1951 mx 001 0 spa d aDO-SdBNPbspacBNPHU a913.042bO35i1 aO'Gorman, Edmundo,d1906-1995.13aLa idea del descubrimiento de américa :bhistoria de esa interpretación y crítica de sus fundamentos /cEdmundo O'Gorman. aMéxico :bCentro de Estudios Filosóficos,c1951. a417.1 aEdiciones del IV Centenario de la Universidad de Méxicov5 aIncluye índice alfabético: p.401-413 aIncluye referencias bibliográficas y notas al pie de las páginas. 4aAméricaxDescubrimiento y exploracioneszEspañolesySIGLO XVI 0aEdiciones del IV Centenario de la Universidad de Méxicov5